| 000 | 00745nam a22002293a 4500 | ||
|---|---|---|---|
| 005 | 20240925064320.0 | ||
| 008 | 010612s1992 mx fr 000 0 spa d | ||
| 020 | _a8420677051 | ||
| 035 | _aUPN01000108212 | ||
| 049 | _aCG | ||
| 050 | 4 |
_aBF720 C6.3 _bM4.68 |
|
| 100 | 1 | _aMehler, Jacques | |
| 245 | 1 | 0 |
_aNacer sabiendo : _bintroducción al desarrollo cognitivo del hombre / _cJacques Mehler y Emmanuel Dupoux ; tr. de Nuria Sebastián. |
| 260 |
_aMadrid : _bAlianza, _c1992. |
||
| 300 |
_a241 p. : _bil. |
||
| 440 | 0 |
_aAlianza psicología minor ; _v5 |
|
| 650 | 4 |
_aNIÑOS RECIEN NACIDOS - _xPSICOLOGIA |
|
| 650 | 4 |
_aPsicología genética _94967 |
|
| 650 | 4 |
_aNiño, Estudio del _9221 |
|
| 700 | 1 |
_aDupoux, Emmanuel, _ecoaut. |
|
| 905 | _aLibro | ||
| 999 |
_c82124 _d82124 |
||